| 000 | 00374nam a22001577a 4500 | ||
|---|---|---|---|
| 003 | OSt | ||
| 008 | 250521b |||||||| |||| 00| 0 eng d | ||
| 020 | _a9788195661824 | ||
| 100 | _aSURENDERKUMAR, Dr. | ||
| 245 | _aVishudh Mannusmriti | ||
| 250 | _a11th | ||
| 260 |
_aNew Delhi _bArsh Sahitya Parchar Trust _c2024 |
||
| 300 | _a404 | ||
| 650 | _aGeneral | ||
| 942 |
_2ddc _cBK |
||
| 999 |
_c13602 _d13602 |
||